Statystyki dla Subnautica: Below Zero

Kliknij tutaj aby rozwiązać quiz!

Ogólne statystyki

  • Ten quiz został rozwiązany 62 razy
  • Średni wynik to 12 z 16

Statystyki odpowiedzi

HintOdpowiedź% Poprawnych
Czy w Below Zero znajduje się teren nadwodny?Tak
91%
Jak nazywa się planeta na której wylądował bohater?4546B
89%
Stworzenie które lubi zabierać przedmioty które gracz trzyma w rękuMałpa morska
89%
Jak nazywa się mały Pengwing?Pengling
89%
Jak nazywa się odmiana Łypacza występująca w Below Zero?Łypacz Arktyczny
87%
Na ile części rozbił się Mercury II?3
85%
Do jakiej maksymalnej głębokości można dopłynąć?9000 metrów
85%
Odpowiednik CyklopaSeatruck
85%
Jak nazywa się pojazd który może poruszać się na powierzchni?Hoverbike
83%
Czy w Below Zero są bazy Degasi?Nie
79%
Najgłębszy biom w Subnautica: Below Zero (nie licząc pustki)Jaskinia Czerwonych Kryształów
75%
Czym był Mercury IIStatek
72%
Co ma w sobie charakterystycznego Ventgarden?Ogród
60%
Jaki Lewiatan zastępuje Widmowego Lewiatana z pierwszej części?Chelicerate
53%
Jak nazywa się największy lewiatan w Below Zero?Ventgarden
42%
Jakie największe stworzenie żyje na wyspach Lilypad?Lewiatan Cesarski
32%

Rozkład punktacji

Percentyl według liczby udzielonych odpowiedzi

Procent ludzi z każdym wynikiem

Twoja historia wyników

Nie rozwiązałeś tego quizu